| 000 | 00842nam a2200193 i 4500 | ||
|---|---|---|---|
| 001 | 3661 | ||
| 003 | ES-MaACL | ||
| 005 | 20250902073144.0 | ||
| 008 | 200218s1966 sp |||| | spa d | ||
| 245 | 0 | 0 |
_aSiderometalurgia _b: Reglamentación Nacional de Trabajo en la industria siderometalurgica, Reglamentación Nacional de Trabajo en la industria metalgrafica y de construccion de envases metalicos. |
| 260 |
_aMadrid : _bGarcia Enciso, _c[1966] |
||
| 300 |
_a380 p. ; _c16 cm. |
||
| 490 | 1 | _a"Colección García Enciso" | |
| 650 | 4 |
_aTrabajadores de la industria siderúrgica- _xEstatuto jurídico- _zEspaña. _9165906 |
|
| 650 | 4 |
_aTrabajadores de la industria metalúrgica- _xEstatuto jurídico- _zEspaña. _9169620 |
|
| 830 | 0 | 0 |
_aColección "García Enciso" _9176884 |
| 852 |
_aES-MaACL _jP-1332-6 |
||
| 999 |
_c3661 _d3661 |
||